Представление документа в формате RUSMARC

ПолеНазваниеЗначение
  Тип записи a
  Библиографический уровень m
001 Контрольный номер RU/SLIB/B/208788680
005 Дата корректировки 20260429160920.0
101 Язык документа 0_
a Язык текста rus
c Язык оригинала rus
200 Заглавие и сведения об ответственности 1_
a Заглавие Былое и думы
e Сведения, относящиеся к заглавию [роман : для детей ст. шк. возраста]
f Первые сведения об ответственности Герцен А. И.
b Общее обозначение материала Текст
h Номер части Т. 3, ч. 6-8
210 Выходные данные 1_
a Место издания М.
c Издательство Худож. лит.
d Дата издания 1967
215 Физическое описание __
a Объем 522 с.
606 Тематические рубрики __
a Основная рубрика Художественная литература
z Хронологическая подрубрика 19 в.
y Географическая подрубрика Россия
606 Тематические рубрики __
a Основная рубрика Русская литература XIX в. (произведения)
606 Тематические рубрики __
a Основная рубрика История
606 Тематические рубрики __
a Основная рубрика Россия в XVIII в. - 1917 г.
610 Ключевые слова 0_
a Ключевые слова классическая литература; романы
686 Индексы других классификаций __
a Классификационный индекс ст84(2Рос=Рус)1-4
686 Индексы других классификаций __
a Классификационный индекс ст63.3(2)52
700 Автор _1
a Фамилия Герцен
b Имя А. И.
4 Код отношения 070
801 Источник записи _0
a Страна RU
b Организация Муниципальное бюджетное учреждение культуры "Централизованная библиотечная система" г. Сургут (Центральная городская библиотека им. А. С. Пушкина)
801 Источник записи _1
a Страна RU
b Организация Муниципальное бюджетное учреждение культуры "Централизованная библиотечная система" г. Сургут (Центральная городская библиотека им. А. С. Пушкина)
852 Данные о местонахождении __
j Шифр хранения ст84(2Рос=Рус)1-4
c Каталожный индекс ст84(2Рос=Рус)1-4; ст63.3(2)47
i Авторский знак Г 41
901 Тип документа __
t Тип документа m
990 Данные о заказе (DOS) __
j Количество экземпляров (DOS) #